Culture Générale - Série 1975 - Statistiques

Statistiques générales
  • Ce quiz a été pris 89 fois
  • Le résultat moyen est 4 sur 10
Statistiques - réponses
Question Réponse % Correct
Complétez le titre du film : "I comme ... Icare
82%
Sur quelle île se trouve la ville de Tokyo ? Honshu
67%
De quel fleuve français la Neste est-elle un affluent ? Garonne
60%
Comment appelle-t-on une table à roulettes ? voir photo desserte
59%
Dans quel département français se trouve la ville de Sens ? Yonne
51%
Quelle profession utilise une pince appelée "davier" ? dentiste
43%
En mythologie, c'est une nymphe de la mer ou un ver de vase en zoologie néréide
19%
Epée longue et fine, à la garde élaborée, à la lame flexible, destinée essentiellement aux coups d'estoc. rapière
14%
Quel adjectif qualifie un élément datant d'une certaine époque, un objet qui appartient au passé ? vintage
12%
Outil constitué d'une tige d'acier à extrémités coudées et tranchantes, qui est utilisé en maçonnerie et en sculpture pour gratter la pierre, afin de la polir. ripe
0%
Aucun quiz correspondant
Distribution des résultats
% des personnes avec chaque résultat
Percentile par nombre de réponses
Votre historique - résultats
Vous n’avez pas pris ce quiz